Sendero luminoso en la encrucijada política del Perú /

Spremljeno u:
Bibliografski detalji
Glavni autor: Heraclio, Bonilla
Format: Tekst
Oznake: Dodaj oznaku
Bez oznaka, Budi prvi tko označuje ovaj zapis!

MARC

LEADER 00000 a a2200000 04500
001 10139
003
040
100 |a Heraclio, Bonilla  
245 |a Sendero luminoso en la encrucijada política del Perú /  |c Bonilla Heraclio  
773 |g número 19; páginas 58-65  
999 |c 20965  |d 20965